Procedimientos para mejora del uso del espectrofotómetro marca PASCO usando el programa DataStudio aplicado a estudios radiométricos para el LAFTLA
Guardado en:
| Hovedforfatter: | |
|---|---|
| Format: | Bog |
| Udgivet: |
2008
|
| Fag: | |
| Tags: |
Tilføj Tag
Ingen Tags, Vær først til at tagge denne postø!
|
MARC
| LEADER | 00000nam a2200000Ia 4500 | ||
|---|---|---|---|
| 003 | 010347 | ||
| 005 | 20221231144058.0 | ||
| 008 | 140114s2008 c aa 000 ||s d | ||
| 040 | |c cru CEDI | ||
| 090 | |a TFG 5673 | ||
| 100 | |a Bolaños Rodríguez, Gary |9 4298 | ||
| 245 | |a Procedimientos para mejora del uso del espectrofotómetro marca PASCO usando el programa DataStudio aplicado a estudios radiométricos para el LAFTLA | ||
| 260 | |c 2008 | ||
| 300 | |a x, 48 hojas; ilustraciones | ||
| 500 | |a Proyecto de graduación (bachiller en ingeniería eléctrica)--Universidad de Costa Rica. Facultad de Ingeniería. Escuela de Ingeniería Eléctrica | ||
| 650 | |x ESPECTROSCOPIA NUCLEAR |x ESPECTROS DE ABSORCION |x PROGRAMAS PARA COMPUTADORA |x DESARROLLO DE PROGRAMAS PARA COMPUTADORA |x ESPECTROMETRIA DE RAYOS GAMMA |9 4299 | ||
| 942 | |c TFG | ||
| 999 | |c 16586 |d 16586 | ||
